| 000 | 00729nas a22002297a 4500 | ||
|---|---|---|---|
| 005 | 20260527162532.0 | ||
| 008 | 260527b19411947poruu|j| |||| 00| z por d | ||
| 040 | _cBR-ViAPE | ||
| 245 | _aCachoeiro de Itapemirim | ||
| 260 |
_aCachoeiro de Itapemirim _bTipografia Madureira _c1941-1947 |
||
| 300 |
_av. _bil. |
||
| 310 | _aIrregular | ||
| 362 | _ajun. 1941 - 1947. | ||
| 500 | _aColeção incompleta: disponíveis apenas alguns números do periódico. | ||
| 650 |
_aHistória _xPersonalidades _xPropaganda _zEspírito Santo |
||
| 651 |
_aEspírito Santo (Brasil) _vPeriódicos |
||
| 700 |
_aVieira, Perly _eDiretor |
||
| 700 |
_aLima, Raul _eDiretor |
||
| 710 | _aTopografia Madureira | ||
| 942 |
_2ddc _cPER _n1 |
||
| 999 |
_c721 _d721 |
||